Chemistry

Bibliographic Details
Main Authors: Saar, Robert A, Pilar, Frank
Format: Section = Libro
Language:Undetermined
Spanish
Published: United States Addison/Wesley 1979
Subjects:
LEADER 00503nam a2200205Ia 4500
008 240830s9999 xx 000 0 und d
020 |a 0-201-05764-6 
040 |a CEDOC FIQ-RUSB / 540 S112 
041 |a spa 
082 |a 540 S112 
100 1 |a Saar, Robert A 
100 1 |b Pilar, Frank 
245 1 0 |a Chemistry 
260 |a United States  |b Addison/Wesley  |c 1979 
300 |a 309 p.: il. 
650 7 |a QUÍMICA GENERAL 
650 7 |b  GEOMETRÍA MOLECULAR 
942 |c BK  |2 ddc 
991 |a TEXTO 
999 |c 13822